000 00532nam a2200157 i 4500
001 49235
003 ES-MaACL
005 20230906161917.0
007 t|
008 030711s1933 fr ||||1| fre d
100 1 _aCorteano, André.
_940839
245 1 2 _aL'evolution de l'Etat
_b: étude des lois psychologiques de la vie sociale et economique /
_cAndré Corteano ; préface de Lucien Romier.
260 _aParis :
_bPayot,
_c1933 (
_eSaint-Denis :
_fImp. J. Dardaillon)
300 _a232 p. ;
_c23 cm.
852 _aES-MaACL
_jA-1520
999 _c49235
_d49235